[Event "Asuncion CIT op"]
[Site "Asuncion"]
[Date "2023.08.15"]
[Round "5"]
[White "Rodriguez Pedrozo, Jesus Miguel"]
[Black "Cabrera Gonzalez, Benjamin Antonio"]
[Result "0-1"]
[WhiteElo "1011"]
[BlackElo "1113"]
[PlyCount "31"]
[EventDate "2023.08.12"]
[EventType "swiss"]
[EventRounds "9"]
[EventCountry "PAR"]
[SourceTitle "CBM 215 Extra"]
[Source "ChessBase"]
[SourceDate "2023.09.30"]
[SourceVersion "1"]
[SourceVersionDate "2023.09.30"]
[SourceQuality "1"]

1. d4 d5 2. Nf3 Nf6 3. e3 e6 4. c4 c5 5. Nc3 cxd4 6. exd4 dxc4 7. Bxc4 Nc6 8. 0-0 Be7 9. Ne5 Qxd4 10. Qe2 Qxe5 11. Qf3 Qc5 12. Bd3 e5 13. Qg3 g6 14. Re1 Nh5 15. Qe3 Nf4 16. Qe4 0-1